A mi emberünk

Bibliographic Details
Main Author: Mislay, Edit, 1966- (Author)
Format: Article
Language:Hungarian
Subjects:

MARC

LEADER 00000nab a2200000 ar4500
001 vtls008852058
003 SK-MaSNL
005 20260303062753.0
008 060831c20060830xo |||||||| 000 b|hun
015 |a SNBRB2006/08  |2 snkbucl 
038 |a SNKBUCL 
040 |a DSZK  |b slo  |c DSZK  |e AACR2 
041 0 |a hun 
044 |a xo  |c SK 
080 |a 821.511.141 (437.6)-9=511.141  |2 1997 
100 1 |a Mislay, Edit,  |d 1966-  |4 aut  |9 840400 
245 1 0 |a A mi emberünk  |c Mislay Edit 
650 0 7 |a publicistické glosy, maďarské  |2 snkbucl  |9 73730 
773 0 |t Új szó  |g Évf. 59, sz. 200 (30.8.2006), o. 5 
852 |a SNK  |b KIS3GCP 
852 |a DSZK  |b KIS3GCP 
958 |a HU 
958 |a SK 
958 |a LX 
999 |c 1740504  |d 1742434